000
00285nam a22001217a 4500
020
_a
9789356347304
082
_a
510
_b
OSW/M
245
_a
ONE FOR ALL
_b
QUESTION BANK CLASS 7 - MATHEMATICS
260
_a
NEW DELHI
_b
OSWAAL
300
_a
256
650
_a
QUESTION BANK
_z
INDIA
942
_c
BK
999
_c
6969
_d
6969